00696pam a2200241 i 4500001000500000005001700005020001500022040002300037050001400060082001100074100001800085245004900103260003600152300004800188490002000236505000800256520008700264521002100351521002000372650001900392650001900411650002400430324720250826101217.0 a0590401092 aDLCcDLCdDLCbeng00aPZ7.L779500a813.541 aLobel, Arnold10aDays with Frog and Toad /cby Lobel, Arnold  aNew York :bScholastic , c1979 a64 pages : bcolor illustrations ; c22 cm.0 a Frog and Toad  aJ  aFrog and Toad spend their days together, but find sometimes it's nice to be alone. a490 bLexile  aJ bRaz-Plus  1aFrogsxFiction 1aToadsxFiction 1aFriendshipxFiction